000 01313cam a2200481 a 4500
001 22070
003 VRT
005 20260318170321.0
008 150526s2014 xo d 000 f slo d
015 _aSNBA2015/03
020 _a9788081143984 (brož.)
035 _aa000533886
039 9 _a201506301146
_bdrlickoj
_c201506291252
_dpechova
_c201505261405
_dviera
_c201505261402
_dviera
040 _aPPPK
_bslo
_cUKB
_dSNK
_eAACR2
041 0 _aslo
044 _axo
_cSK
072 7 _a821.162.4-3
_xSlovenská próza
_2konspekt
080 _a821.162.4-31
_22004
080 _a(0:82-31)
_22004
100 1 _aKlein, Ivana,
_d1984-
245 1 0 _aChyť si svoje šťastie
_cIvana Klein
250 _a1. vyd.
260 _aBratislava
_bMarenčin PT
_c2014
300 _a254, [1] s.
653 _a821.162.4-31
653 _a(0:82-31)
655 7 _aslovenské romány
_2UKBPH
910 _apppk
910 _attkjf
910 _apokpoh
910 _avthk
910 _ahevk
910 _abjkdg
910 _asllk
910 _askpk
910 _asvkbb
910 _asnk
910 _aukb
942 _2ddc
_cKLDO
_n0
949 _61800655641
_aSJ.G.00059
_bPV.2015-7110
949 _61800655642
_aSK.G.07489
_bPV.2015-7111
_s6707:20150702
999 _c22070
_d22070